000 00356nam a2200133Ia 4500
005 20260326235456.0
008 260326s9999||||xx |||||||||||||| ||und||
100 _aForero La Rotta, Augusto
245 0 _aDiseño Urbano /
_cAugusto Forero La Rotta
260 _bUniversidad Católica de Colombia
300 _a71 p.
650 _aDISEÑO URBANO
942 _cBK
999 _c7931
_d7931